Представление документа в формате RUSMARC

ПолеНазваниеЗначение
  Тип записи i
  Библиографический уровень m
001 Контрольный номер RU/IS/BASE/490700416
005 Дата корректировки 20201206204948.9
010 Индекс ISBN __
a ISBN 978-5-9677-1943-1 (в кор.)
d Цена 204-75
100 Данные общей обработки __
a Данные общей обработки 19150720d2013||||||| 0rusy0189 ca
101 Язык документа 0_
a Язык текста rus
102 Страна публикации __
a Страна публикации RU|
105 Кодированные данные (монография) __
a Кодированные данные (монография) nnz||||||||zy
127 Кодированные данные (звукозаписи-физические характеристики) __
a Продолжительность проигрывания 01 ч 57 мин
200 Заглавие и сведения об ответственности 1_
a Заглавие Отец Горио
e Сведения, относящиеся к заглавию аудиоспектакль [Государственного академического театра имени Евгения Вахтангова : архивная запись, восстановлена со старых пластинок : [12+]
f Первые сведения об ответственности Оноре де Бальзак ; [исполняют: Я. Смоленский и др. ; ИДДК]
b Общее обозначение материала Звукозапись
210 Выходные данные __
a Место издания Москва
c Издательство 1С-Паблишинг
c Издательство Агентство
d Дата издания 2013
215 Физическое описание __
a Объем 1 электрон. опт. диск (Audio CD)
c Иллюстрации/тип воспроизводства mp3, stereo
d Формат 12х14 см
225 Серия __
a Серия Зарубежная классика
225 Серия __
a Серия 1С: Аудиотеатр
230 Специфическая характеристика материала: электронные ресурсы __
a Обозначение и объем ресурса Электронные звуковые данные
323 Примечание о главных создателях, исполнителях, участниках __
a Примечание о главных создателях, исполнителях, участниках Смоленский, Я.
323 Примечание о главных создателях, исполнителях, участниках __
a Примечание о главных создателях, исполнителях, участниках Астаганов, М.
323 Примечание о главных создателях, исполнителях, участниках __
a Примечание о главных создателях, исполнителях, участниках Райкина, Е.
323 Примечание о главных создателях, исполнителях, участниках __
a Примечание о главных создателях, исполнителях, участниках Яковлев, Ю.
323 Примечание о главных создателях, исполнителях, участниках __
a Примечание о главных создателях, исполнителях, участниках Покровский, В.
323 Примечание о главных создателях, исполнителях, участниках __
a Примечание о главных создателях, исполнителях, участниках Борисова, Ю.
323 Примечание о главных создателях, исполнителях, участниках __
a Примечание о главных создателях, исполнителях, участниках Осенев, В.
330 Аннотация __
a Аннотация Слушателям предлагается инсценировка одного из самых знаменитых романов Оноре де Бальзака "Отец Горио" (1832). Основное действие происходит в Париже, в пансионе мадам Воке. Здесь молодой постоялец Эжен де Растиньяк знакомится с папашей Горио и становится свидетелем его печальной участи. Удачливый хлеботорговец сколотил немалое состояние, но все деньги растратил на своих обожаемых дочерей, после чего они обе фактически отказались от отца. Не навестили его перед смертью, не появились на похоронах. Не пришла даже младшая, Дельфина, любовница Эжена. В последний путь папашу Горио проводили два нищих студента - Растиньяк и его друг Бьяншон...
333 Примечание о целевом назначении __
a Примечание о целевом назначении 12+. Для детей старше 12 лет
337 Примечание о системных требованиях (электронные ресурсы) __
a Примечание о системных требованиях (электронные ресурсы) Системные требования: MS Windows ; Pentium 100 ; RAM 16 Мб ; SVGA, 800x600 ; CD-ROM ; зв. карта ; колонки или наушники ; мышь или аудиосистемы с поддержкой формата MP3: музыкальный центр ; CD/DVD-плеер и т.д.
606 Тематические рубрики __
a Основная рубрика Музыка и зрелищные искусства
606 Тематические рубрики __
a Основная рубрика Художественное радиовещание
606 Тематические рубрики __
a Основная рубрика Художественная литература
606 Тематические рубрики __
a Основная рубрика Литература Европы (произведения)
z Хронологическая подрубрика 19 в.
610 Ключевые слова __
a Ключевые слова аудиоспектакли
a Ключевые слова классика
a Ключевые слова классическая литература
a Ключевые слова постановки
a Ключевые слова радиоспектакли
a Ключевые слова романы
a Ключевые слова спектакли
a Ключевые слова тема денег
a Ключевые слова тема жизни
a Ключевые слова тема любви
a Ключевые слова тема общества
a Ключевые слова тема одиночества
a Ключевые слова тема отцов и детей
a Ключевые слова тема преданности
a Ключевые слова тема смерти
a Ключевые слова тема человека
a Ключевые слова французская литература
686 Индексы других классификаций __
2 Код системы rubbks
a Классификационный индекс 85.381.3(4Фра)-7я04
686 Индексы других классификаций __
2 Код системы rubbks
a Классификационный индекс 84(4Фра)52-4я04; ст85.38я0 + ст84(4Фра)-4я0
700 Автор _1
a Фамилия Бальзак
b Имя О. де
f Даты 1799-1850
g Полное личное имя Оноре
4 Код отношения 070
711 Наименование организации. (Альтернативная ответственность) __
a Организация/ юрисдикция Государственный академически театр имени Евгения Вахтангова
711 Наименование организации. (Альтернативная ответственность) __
a Организация/ юрисдикция ИДДК
801 Источник записи _0
a Страна RU
b Организация Муниципальное бюджетное учреждение культуры "Централизованная библиотечная система" г. Сургут (Центральная городская библиотека им. А. С. Пушкина)
c Дата составления 20150720
g Правила каталогизации КиК/Коробейникова
801 Источник записи _1
a Страна RU
b Организация Муниципальное бюджетное учреждение культуры "Централизованная библиотечная система" г. Сургут (Центральная городская библиотека им. А. С. Пушкина)
c Дата составления 20150720
g Правила каталогизации КиК/Коробейникова
852 Данные о местонахождении __
j Шифр хранения 85.381.3(2)-7я04
i Авторский знак Б 21
901 Тип документа __
t Тип документа 0
903 Характеристики (МАРС) __
a Дата передачи 20150720
969 Тип издания __
a Тип издания аудиоспектакль; издание для слепых
990 Данные о заказе (DOS) __
j Количество экземпляров (DOS) 8
t N записи в КСУ для И/У (DOS) 201507